Maschile o Femminile? - Statistics

Statistiche generali
  • Questo quiz è stato fatto 115 volte
  • Il punteggio medio è 11 su 15
Statistiche sulle risposte
Domanda Risposta % Corretto
Carisma Maschile
95%
Diadema Maschile
95%
Cobra Maschile
89%
Oasi Femminile
82%
Apoteosi Femminile
81%
Asma Femminile
72%
Acne Femminile
72%
Fine Entrambi
70%
Fronte Entrambi
70%
Lama Entrambi
69%
Capitale Entrambi
63%
Radio Entrambi
60%
Boa Entrambi
60%
Aroma Maschile
59%
Eco Femminile
30%
Nessun quiz corrispondente trovato
Distribuzione punteggi
Percentuale di utenti per punteggio
Percentile per numero di risposta
I tuoi punteggi nel tempo
Non hai fatto questo quiz